It looks like you're offline.
Open Library logo
additional options menu

MARC record from Internet Archive

LEADER: 00983cam 22002777a 4500
001 21597342
003 OCoLC
005 20161215152935.0
008 900718s1990 enk 000 0 eng
020 $a0232518718 (pbk) :
040 $aUKM$cUKM$dGTX$dUtOrBLW
049 $aGTXA
090 $aBV4832.2$bG57 1990
100 1 $aGriffiths, Bede,$d1906-1993.
245 14 $aThe universal Christ :$bdaily readings with Bede Griffiths.
260 $aLondon :$bDarton, Longman and Todd,$c1990.
300 $axviii, 61 p. ;$c16 cm.
490 1 $aModern spirituality series.
541 $aFrom the Bede Griffiths Collection in the Graduate Theological Unioni Archives.
650 0 $aDevotional literature.
700 1 $aSpink, Peter,$d1926-
830 0 $aModern spirituality series.
907 $a.b13914169$b05-12-20$c04-30-04
998 $agtu$agx$b04-30-04$cm$da $e-$feng$genk$h4
948 $fajy
945 $g1$i32400005911064$j0$lgsto $o-$p$0.00$q $r $sj $t0$u0$v0$w0$x0$y.i15446396$z04-30-04